Rabat - Choix Multiples - Statistiques

Statistiques générales
  • Ce quiz a été pris 56 fois
  • Le résultat moyen est 5 sur 10
Statistiques - réponses
Question Réponse % Correct
Ville du Maroc plus peuplé que Rabat. Casablanca
94%
Le mausolée Mohammed V abrite les tombes du roi Mohammed V et de quels autres souverains ? Hassan II et Moulay Abdellah
65%
Quel fleuve sépare la ville à celle de Salé ? Le Bouregreg
65%
Quel style architectural andalou-maghrébin est typique du Kasbah des Oudayas ? Les murs bleu et blanc
63%
Quelle institution culturel majeur de Rabat à été classé au patrimoine mondial de l'UNESCO en 2012 ? L'ensemble urbain historique de la ville
49%
Lequel de ces minarets est celui des Oudayas ?
41%
Quelle dynastie marocaine a fondé la ville de Rabat ? Les Almohades
31%
Quel monument construit par les Oudayas est le plus vieux ? Le Minaret des Oudayas
29%
Nom de la plage à côté du Kasbah des Oudayas Plage de Rabat
25%
Évènement international qui s'est tenu à Rabat en 2022 Capitale africaine de la culture
22%
Aucun quiz correspondant
Distribution des résultats
% des personnes avec chaque résultat
Percentile par nombre de réponses
Votre historique - résultats
Vous n’avez pas pris ce quiz